000 00426nam a22001577a 4500
008 130626t xxu||||| |||| 00| 0 eng d
020 _a978-2-7298-6156-0
100 _aMERCIER M
_924847
245 _aBiostatistique et probabilités
_b : UE 4
_c / M , MERCIER
250 _a2 è Ed.
260 _aParis :
_bEllipses,
_c2011
300 _a241 p.
440 _a( PACES )
_924848
500 _aCompr. Annexes
942 _cLIVR
999 _c51595
_d51595